Twelfth night (Record no. 10402)

MARC details
000 -LEADER
fixed length control field 00423cam a2200169ua 4500
008 - FIXED-LENGTH DATA ELEMENTS--GENERAL INFORMATION
fixed length control field 191010n ii |||gr||||Z||||||eng
020 ## - INTERNATIONAL STANDARD BOOK NUMBER
International Standard Book Number 9780143426905
040 ## - CATALOGING SOURCE
Transcribing agency MAIN
082 ## - DEWEY DECIMAL CLASSIFICATION NUMBER
Classification number 822
100 ## - MAIN ENTRY--PERSONAL NAME
Personal name William Shakespeare,
Relator term
245 ## - TITLE STATEMENT
Title Twelfth night
Statement of responsibility, etc. By William Shakespeare
260 ## - PUBLICATION, DISTRIBUTION, ETC.
Place of publication, distribution, etc. Haryana:
Name of publisher, distributor, etc. Penguine random house ,
Date of publication, distribution, etc. 2016.
300 ## - PHYSICAL DESCRIPTION
Extent 126p.
942 ## - ADDED ENTRY ELEMENTS (KOHA)
Koha item type Books
653 ## - INDEX TERM--UNCONTROLLED
Uncontrolled term English drama
Holdings
Withdrawn status Lost status Damaged status Not for loan Home library Current library Shelving location Date acquired Total Checkouts Full call number Barcode Date last seen Copy number Price effective from Koha item type Date last checked out
        Central Library, Naharkatiya College Central Library, Naharkatiya College General Stacks 19/09/2020   822English literature | SHA 27610 19/09/2020 1 19/09/2020 Books  
        Central Library, Naharkatiya College Central Library, Naharkatiya College General Stacks 19/09/2020 5 822English literature | SHA 27611 06/05/2023 2 19/09/2020 Books 16/03/2023
        Central Library, Naharkatiya College Central Library, Naharkatiya College General Stacks 19/09/2020 1 822English literature | SHA 27612 25/04/2022 3 19/09/2020 Books 11/04/2022

Naharkatiya College © 2020. All rights reserved.

Powered By